| 000 | 01089nam a2200313 a 4500 | ||
|---|---|---|---|
| 999 |
_c3258 _d3258 |
||
| 001 | 1131538 | ||
| 003 | GBCCL | ||
| 005 | 20241126110451.0 | ||
| 008 | 940415s1986 enkabf b 001 0 eng d | ||
| 010 | _a 94146515 | ||
| 020 | _a0854790748 | ||
| 035 | _a(OCoLC)14819573 | ||
| 040 |
_aCBGTU _cCBGTU _dNcU _dDLC |
||
| 042 | _alccopycat | ||
| 043 | _ae-uk-en | ||
| 050 | 0 | 0 |
_aBX5204.W47 _bS45 1986 |
| 082 | 0 | 0 |
_a254.109427 _a280.4094278 _220 _bSEL |
| 100 | 1 |
_aSell, Alan P. F. _96701 |
|
| 245 | 1 | 0 |
_aChurch planting : _ba study of Westmorland nonconformity / _cAlan P.F. Sell. |
| 260 |
_aWorthing, West Sussex, England : _bH.E. Walter, _c1986. |
||
| 300 |
_axiii, 172 p., [1] leaf of plates : _bill., map ; _c22 cm. |
||
| 500 | _aIncludes indexes. | ||
| 504 | _aBibliography: p. [147]-155. | ||
| 650 | 0 |
_aDissenters, Religious _zEngland _zWestmorland _xHistory. _96702 |
|
| 651 | 0 |
_aWestmorland (England) _xChurch history. _96703 |
|
| 906 |
_a7 _bcbc _ccopycat _d3 _encip _f19 _gy-gencatlg |
||
| 942 |
_2ddc _cBK _08 |
||